| 000 | 00749nam a22002417a 4500 | ||
|---|---|---|---|
| 999 |
_c1033 _d1033 |
||
| 001 | 15317 | ||
| 003 | BD-DhUAP | ||
| 005 | 20200202110058.0 | ||
| 008 | 200202s2002 ii b 001 0 eng | ||
| 020 | _a9788171772315 | ||
| 040 |
_aDLC _cDLC _dBD-DhUAP _bEng |
||
| 082 | 0 | 0 |
_223 _a346.540482 NAR |
| 100 | 1 | _aNarayanan, P. | |
| 245 | 1 | 0 |
_aLaw of copyright and industrial designs / _cby P. Narayanan. |
| 250 | _a4th ed. | ||
| 260 |
_aKolkata : _bEastern Law House, _cc2007 [Reprinted 2010]. |
||
| 300 |
_a[44], 1097 pages ; _c25 cm. |
||
| 504 | _aIncludes bibliographical references and index. | ||
| 650 | 0 |
_aCopyright _zIndia. |
|
| 650 | 0 |
_aIndustrial design _xLaw and legislation _zIndia. |
|
| 650 | 0 | _aCopyright, International. | |
| 942 |
_2ddc _cBK |
||